| 000 | 00495 a2200169 4500 | ||
|---|---|---|---|
| 003 | OSt | ||
| 005 | 20231218134422.0 | ||
| 008 | 231218b |||||||| |||| 00| 0 eng d | ||
| 020 | _a9788181438249 | ||
| 040 | _coclc | ||
| 082 |
_a891.432 _bBAB/O |
||
| 100 |
_aBabbar, Nadira Zaheer _910167 |
||
| 245 |
_aOPERATION CLOUDBURST / _cNadira Zaheer Babbar |
||
| 260 |
_aNew Delhi: _bVani Prakashan, _c2008. |
||
| 300 | _a62p | ||
| 942 |
_2ddc _cBK _h891.432 _iBAB/O _k891.432 _mBAB/O |
||
| 999 |
_c43468 _d43468 |
||